| 000 | 00940nam a22001697a 4500 | ||
|---|---|---|---|
| 005 | 20260122192746.0 | ||
| 008 | 230714b ||||| |||| 00| 0 eng d | ||
| 040 |
_cSSBUL _dSSBUL |
||
| 082 |
_223 _a၄၉၁.၃၇၀၇၁ တက် ၁၆၀၃၈(၂) (S-SAT) |
||
| 245 |
_aတက္ကသိုလ် ပါဠိဖတ်စာ / _cရန်ကုန်ဝိဇ္ဇာနှင့် သိပ္ပံတက္ကသိုလ်ပါဠိဌာန ပြုစုသည်။ |
||
| 260 |
_aရန်ကုန်၊ _c၁၉၇၁။ |
||
| 300 |
_a၁၆၈ စာမျက်နှာ၊ _c၁၈ စင်တီ။ |
||
| 440 |
_aတက္ကသိုလ်များစာအုပ် ပြုစုထုတ်ဝေရေးကော်မတီစာစဉ် (၇၄)။ _928018 |
||
| 500 | _aS-SAT: Dr. Prof Sai Aung Tun | ||
| 650 |
_aပါဠိဘာသာစကား _xဖတ်စာ။ _928019 |
||
| 942 |
_2ddc _cBK1 |
||
| 999 |
_c27227 _d27227 |
||